000 00449nam a2200169Ia 4500
005 20250923144452.0
008 008 250917s9999 xx 000 0 eng d
037 _aTextual
040 _aDSWL
_beng
_cDSWL
041 _aeng
_2eng
084 _qDSWL
245 0 _aAgricutural wages in India
_cby India Labour Bureau
260 _aDelhi
_bManager of Publication
_c1952
300 _avii,517p.
942 _cTEXL
999 _c1439267
_d1439267